লোডিং...
Malayanadukalil /
| প্রধান লেখক: | |
|---|---|
| বিন্যাস: | Printed Book |
| ভাষা: | Malayalam |
| প্রকাশিত: |
Kozhikode:
Poorna,
2001.
|
| সংস্করন: | 3rd ed. |
| বিষয়গুলি: |
| LEADER | 00560cam a2200193ua 4500 | ||
|---|---|---|---|
| 008 | 080731t2001||||||||||| 00 ||mal c | ||
| 041 | 0 | |a mal | |
| 082 | |a M915 951 04 |b SKP/M | ||
| 100 | 0 | |a S. K. Pottakad., | |
| 245 | 0 | 0 | |a Malayanadukalil / |
| 250 | |a 3rd ed. | ||
| 260 | |a Kozhikode: |b Poorna, |c 2001. | ||
| 300 | |a 84p.. | ||
| 362 | 1 | |a 2001. | |
| 365 | |a Rs 40/- |e pb | ||
| 650 | 0 | |a Travelogue | |
| 942 | |c BK | ||
| 999 | |c 18877 |d 18877 | ||
| 952 | |0 0 |1 0 |4 0 |6 M_915_951000000000000_04_SKP |7 0 |9 19715 |a KUCL |b KUCL |d 2014-05-23 |l 0 |o M915 951 04 SKP/ |p 09717 |r 2014-05-23 |w 2014-05-23 |y BK | ||